Le Diable s'habille en Prada - Personnages par images - Statistiques

Statistiques générales
  • Ce quiz a été pris 24 fois
  • Le résultat moyen est 5 sur 12
Statistiques - réponses
Par images Réponse % Correct
Emily Charlton
100%
Andrea "Andy" Sachs
94%
Miranda Priestly
94%
Nigel Kipling
71%
Nate Cooper
35%
Irv Ravitz
29%
Christian Thompson
24%
Lily
24%
James Holt
18%
Serena
18%
Doug
12%
Stephen
12%
Aucun quiz correspondant
Distribution des résultats
% des personnes avec chaque résultat
Percentile par nombre de réponses
Votre historique - résultats
Vous n’avez pas pris ce quiz